[Event "Champ FRA - Under 8"]
[Site "Europe Echecs"]
[Date "2020.07.06"]
[Round "1"]
[Time "14:00:04"]
[PlyCount "39"]
[White "LavissiereGene"]
[Black "CoutonTheo"]
[WhiteElo "920"]
[BlackElo "1190"]
[Mode "WEB"]
[Result "0-1"]

1. e4 e5 2. Nf3 Nc6 3. Bc4 Nf6 4. d3 Bc5 5. O-O O-O 6. Ng5 h6 7. Qh5 Nxh5 8.
Nxf7 Rxf7 9. Bxf7+ Kxf7 10. Bd2 Nf6 11. Nc3 Ng4 12. Rad1 Qh4 13. h3 Bxf2+ 14.
Rxf2+ Qxf2+ 15. Kh1 Nd4 16. Re1 Kg8 17. Nd5 Ne2 18. Nxc7 Qg3 19. Rxe2 Qh2# {LavissiereGene est échec et mat} 0-1

[Event "Champ FRA - Under 8"]
[Site "Europe Echecs"]
[Date "2020.07.06"]
[Round "1"]
[Time "14:00:04"]
[PlyCount "62"]
[White "BauerPierre"]
[Black "MouradianIchrh"]
[WhiteElo "1187"]
[BlackElo "920"]
[Mode "WEB"]
[Result "1-0"]

1. d4 d5 2. c4 e6 3. Nc3 Bb4 4. Bd2 Nc6 5. e3 dxc4 6. Bxc4 Bxc3 7. Bxc3 Nf6 8.
Nf3 O-O 9. O-O a6 10. Qd2 b5 11. Bb3 Ne7 12. Rac1 Bb7 13. Qe2 Bxf3 14. Qxf3 Ng6
15. Bb4 Nh4 16. Qh3 Nd5 17. Bxf8 Kxf8 18. Bc2 Kg8 19. g3 Nf3+ 20. Kg2 Qf6 21.
Qxh7+ Kf8 22. Qh8+ Ke7 23. Qxa8 Nd2 24. f4 Nxe3+ 25. Kh1 Qf5 26. Bxf5 exf5 27.
Rfe1 Nf3 28. Rxe3+ Kf6 29. Qd8+ Kg6 30. Rxf3 Kh5 31. Qg5# {MouradianIchrh est échec et mat} 1-0

[Event "Champ FRA - Under 8"]
[Site "Europe Echecs"]
[Date "2020.07.06"]
[Round "1"]
[Time "14:00:04"]
[PlyCount "31"]
[White "ChenLucie"]
[Black "CassagneresCha"]
[WhiteElo "900"]
[BlackElo "1180"]
[Mode "WEB"]
[Result "0-1"]

1. e4 e5 2. Nf3 Nc6 3. Bc4 Bc5 4. O-O Nf6 5. Nc3 O-O 6. d3 d6 7. Bg5 Bg4 8. h3
h6 9. Bxf6 Qxf6 10. Rc1 Bxf3 11. gxf3 Nd4 12. Re1 Nxf3+ 13. Kf1 Nxe1 14. Kxe1
Bd4 15. Na4 Qxf2# {ChenLucie est échec et mat} 0-1

[Event "Champ FRA - Under 8"]
[Site "Europe Echecs"]
[Date "2020.07.06"]
[Round "1"]
[Time "14:00:04"]
[PlyCount "40"]
[White "VoglerRomain"]
[Black "RaykoPauline"]
[WhiteElo "1171"]
[BlackElo "900"]
[Mode "WEB"]
[Result "1-0"]

1. e4 e5 2. Nf3 Nc6 3. Bc4 Bc5 4. b4 Nf6 5. bxc5 Nxe4 6. d3 Nf6 7. O-O d6 8. Ng5
dxc5 9. Nxf7 Qd7 10. Nxh8 Qe7 11. Nf7 Nd4 12. Nxe5 Qxe5 13. Re1 Ne2+ 14. Rxe2
Qxe2 15. Qxe2+ Kf8 16. Qf3 Bg4 17. Qf4 Re8 18. Be3 Bd1 19. h3 g5 20. Qxf6# {RaykoPauline est échec et mat} 1-0

[Event "Champ FRA - Under 8"]
[Site "Europe Echecs"]
[Date "2020.07.06"]
[Round "1"]
[Time "14:00:04"]
[PlyCount "58"]
[White "RomeroAlexandr"]
[Black "JourdainLouis"]
[WhiteElo "900"]
[BlackElo "1170"]
[Mode "WEB"]
[Result "1-0"]

1. e4 e5 2. Nf3 Nc6 3. Nc3 Nf6 4. Bb5 Bb4 5. Nd5 Nd4 6. Nxf6+ Qxf6 7. Nxd4 exd4
8. O-O O-O 9. a3 a6 10. axb4 d6 11. Bc4 Qf4 12. d3 Qg5 13. Bxg5 h6 14. Be3 Be6
15. Bf4 Bd7 16. Re1 b5 17. Bd5 Rfe8 18. Bxa8 Rxa8 19. e5 dxe5 20. Bxe5 Be6 21.
Bxc7 Rc8 22. Bg3 Re8 23. Rxa6 Bc8 24. Rxe8+ Kh7 25. Rxc8 g5 26. c4 bxc4 27. dxc4
f5 28. Be5 f4 29. Rh8# {JourdainLouis est échec et mat} 1-0

[Event "Champ FRA - Under 8"]
[Site "Europe Echecs"]
[Date "2020.07.06"]
[Round "1"]
[Time "14:00:04"]
[PlyCount "43"]
[White "CarnetAnaelle"]
[Black "JarryEliot"]
[WhiteElo "1160"]
[BlackElo "890"]
[Mode "WEB"]
[Result "1/2-1/2"]

1. e4 e5 2. Nf3 Nc6 3. Bc4 Nf6 4. Ng5 Qe7 5. Nxf7 Qc5 6. b3 Rg8 7. O-O d6 8. Nc3
Bg4 9. Qe1 Be7 10. Ng5 Rh8 11. d3 O-O-O 12. Bd2 h6 13. Nf7 Rdf8 14. Nxh8 Rxh8
15. Be6+ Nd7 16. Bxg4 h5 17. Bxd7+ Kxd7 18. Be3 Qa5 19. Bd2 Qc5 20. Na4 Qb5 21.
Nc3 Qc5 {Nulle par répétition} 1/2-1/2

[Event "Champ FRA - Under 8"]
[Site "Europe Echecs"]
[Date "2020.07.06"]
[Round "1"]
[Time "14:00:04"]
[PlyCount "42"]
[White "MoreauKenan"]
[Black "GhesquiereLoui"]
[WhiteElo "820"]
[BlackElo "1160"]
[Mode "WEB"]
[Result "1-0"]

1. e4 e5 2. Nf3 Nc6 3. Bc4 d6 4. d3 Bd7 5. Nc3 Be7 6. Nd5 Nf6 7. Nxe7 Qxe7 8.
Bg5 O-O 9. Qd2 h6 10. Bh4 Rfe8 11. O-O-O a6 12. h3 b5 13. Bb3 a5 14. a3 a4 15.
Ba2 Rad8 16. g4 g5 17. Nxg5 hxg5 18. Qxg5+ Kf8 19. Qh6+ Kg8 20. Bxf6 Qe6 21.
Qg7# {GhesquiereLoui est échec et mat} 1-0

[Event "Champ FRA - Under 8"]
[Site "Europe Echecs"]
[Date "2020.07.06"]
[Round "1"]
[Time "14:00:04"]
[PlyCount "48"]
[White "LandolsiIyad"]
[Black "ClaverieMartin"]
[WhiteElo "1158"]
[BlackElo "810"]
[Mode "WEB"]
[Result "1-0"]

1. e4 e5 2. Nf3 Nc6 3. Bb5 Nf6 4. O-O Bc5 5. Bxc6 dxc6 6. Nxe5 h6 7. d3 O-O 8.
h3 Re8 9. Nf3 Be6 10. Re1 b5 11. Be3 Bxe3 12. Rxe3 a5 13. Nbd2 Ra6 14. Nb3 Bxb3
15. axb3 Qc8 16. Qd2 Re6 17. Rxa5 Kh8 18. Nd4 Rd6 19. Nf5 Rd7 20. Rxa6 Qxa6 21.
Qc3 Qa1+ 22. Kh2 g6 23. Qxf6+ Kh7 24. Qg7# {ClaverieMartin est échec et mat} 1-0

[Event "Champ FRA - Under 8"]
[Site "Europe Echecs"]
[Date "2020.07.06"]
[Round "1"]
[Time "14:00:04"]
[PlyCount "81"]
[White "ChenSophie"]
[Black "TranAmarAndy"]
[WhiteElo "800"]
[BlackElo "1154"]
[Mode "WEB"]
[Result "0-1"]

1. e4 e6 2. Nf3 d5 3. Bd3 Nf6 4. exd5 Nxd5 5. Bc4 Nc6 6. d4 Nf6 7. Bg5 Bd6 8.
O-O O-O 9. d5 exd5 10. Bxd5 Bg4 11. Qd3 Bxf3 12. Qxf3 Ne5 13. Qe3 Nxd5 14. Bxd8
Nxe3 15. Bg5 Nxf1 16. Kxf1 Ng4 17. h3 Nh2+ 18. Kg1 Rfe8 19. Nc3 f6 20. Be3 Re6
21. Nb5 Be5 22. Bf4 Bxf4 23. g3 Nf3+ 24. Kh1 Bd6 25. Rd1 Re1+ 26. Rxe1 Nxe1 27.
Nxd6 cxd6 28. c4 Nd3 29. b4 Nxb4 30. a3 Nd3 31. a4 Nxf2+ 32. Kg2 Ne4 33. c5 dxc5
34. g4 c4 35. Kf1 c3 36. Ke1 c2 37. Ke2 c1=Q 38. Kd3 Qd2+ 39. Kxe4 Re8+ 40. Kf5
Re5# {ChenSophie est échec et mat} 0-1

[Event "Champ FRA - Under 8"]
[Site "Europe Echecs"]
[Date "2020.07.06"]
[Round "1"]
[Time "14:00:04"]
[PlyCount "78"]
[White "GadoisMelina"]
[Black "TellierArthur"]
[WhiteElo "1150"]
[BlackElo "800"]
[Mode "WEB"]
[Result "1-0"]

1. e4 e5 2. Nf3 Nc6 3. Nc3 Nf6 4. d4 Nxd4 5. Nxd4 exd4 6. Qxd4 Bd6 7. Bg5 O-O 8.
Bc4 Be7 9. O-O d5 10. exd5 h6 11. Bxf6 Bxf6 12. Qd3 Qd6 13. Rfe1 Bg4 14. Qe4
Rfe8 15. Qxg4 Rxe1+ 16. Rxe1 Rd8 17. a4 g5 18. Qh5 Be5 19. Nb5 Qf6 20. b4 a6 21.
Na3 Bd4 22. Rd1 Qxf2+ 23. Kh1 Re8 24. Qf3 Qh4 25. g3 Qh3 26. d6 cxd6 27. Qxf7+
Kh8 28. Qxe8+ Kg7 29. Rxd4 Qf1+ 30. Bxf1 b5 31. axb5 axb5 32. Nxb5 h5 33. Rxd6
g4 34. c4 h4 35. gxh4 g3 36. Qe7+ Kg8 37. Rd7 g2+ 38. Kxg2 Kh8 39. Qh7# {TellierArthur est échec et mat} 1-0

[Event "Champ FRA - Under 8"]
[Site "Europe Echecs"]
[Date "2020.07.06"]
[Round "1"]
[Time "14:00:04"]
[PlyCount "39"]
[White "BarrialMaxence"]
[Black "DeladerriereHe"]
[WhiteElo "799"]
[BlackElo "1141"]
[Mode "WEB"]
[Result "0-1"]

1. f4 d5 2. d4 Nc6 3. Nf3 Nf6 4. b3 Bf5 5. Bb2 Nb4 6. c3 Nc2+ 7. Kf2 e6 8. Nbd2
Nxa1 9. e3 Bd6 10. Bb5+ c6 11. Bd3 Bxd3 12. Re1 Nc2 13. Rg1 Ng4+ 14. Kg3 Ncxe3
15. Ng5 Nxd1 16. Rxd1 Qxg5 17. c4 Qxf4+ 18. Kh4 Nf2+ 19. Kh5 Bg6# {BarrialMaxence est échec et mat} 0-1

[Event "Champ FRA - Under 8"]
[Site "Europe Echecs"]
[Date "2020.07.06"]
[Round "1"]
[Time "14:00:04"]
[PlyCount "30"]
[White "LacanrusDavid"]
[Black "BonnayTramoniB"]
[WhiteElo "1136"]
[BlackElo "799"]
[Mode "WEB"]
[Result "1-0"]

1. e4 e5 2. Nf3 Bc5 3. Nxe5 Nf6 4. d4 Bb4+ 5. c3 Ba5 6. Bd3 O-O 7. O-O d6 8. Nc4
Nc6 9. Bg5 Bg4 10. Bxf6 gxf6 11. Qxg4+ Kh8 12. Qh5 Rg8 13. Nxa5 Qe8 14. e5 Qd8
15. Qxh7# {BonnayTramoniB est échec et mat} 1-0

[Event "Champ FRA - Under 8"]
[Site "Europe Echecs"]
[Date "2020.07.06"]
[Round "1"]
[Time "14:00:04"]
[PlyCount "58"]
[White "BousmatAdam"]
[Black "Cadilhacseffin"]
[WhiteElo "799"]
[BlackElo "1130"]
[Mode "WEB"]
[Result "1-0"]

1. d4 d5 2. Nc3 Bg4 3. h3 Bd7 4. Bg5 Nf6 5. Bxf6 gxf6 6. Nxd5 Bh6 7. Nf3 e6 8.
Nc3 f5 9. e3 f4 10. Bb5 Bxb5 11. Nxb5 fxe3 12. Qe2 exf2+ 13. Qxf2 Bg7 14. O-O-O
c6 15. Nc3 Qb6 16. Rhe1 Na6 17. Na4 Qb5 18. b3 O-O-O 19. Ng5 Nb4 20. Nxf7 c5 21.
Nxd8 Bxd4 22. Qf4 Rxd8 23. Qg4 c4 24. Qxe6+ Kb8 25. Qxc4 Qa5 26. Rxd4 Nxa2+ 27.
Kb1 Qxe1+ 28. Kxa2 Qc1 29. Rxd8# {Cadilhacseffin est échec et mat} 1-0

[Event "Champ FRA - Under 8"]
[Site "Europe Echecs"]
[Date "2020.07.06"]
[Round "1"]
[Time "14:00:04"]
[PlyCount "112"]
[White "CosynsJean"]
[Black "ColinFelix"]
[WhiteElo "1130"]
[BlackElo "799"]
[Mode "WEB"]
[Result "1-0"]

1. e4 e5 2. Nf3 Nc6 3. d4 exd4 4. Nxd4 Nxd4 5. Qxd4 Nf6 6. e5 c5 7. Qc4 d5 8.
exd6 Qxd6 9. Nc3 Qe7+ 10. Qe2 Qxe2+ 11. Bxe2 Bd6 12. Be3 O-O 13. O-O-O c4 14.
Rxd6 Re8 15. Bxc4 Re6 16. Bxe6 fxe6 17. a3 e5 18. Bg5 e4 19. Bxf6 gxf6 20. Nxe4
Kf7 21. Rxf6+ Ke7 22. Rh6 Bf5 23. f3 Rc8 24. Rh5 Ke6 25. g4 Bxe4 26. fxe4 Rc7
27. Rf1 b6 28. Rh6+ Ke7 29. g5 Ke8 30. g6 hxg6 31. Rxg6 Rf7 32. Re6+ Kf8 33. Rg6
Rxf1+ 34. Kd2 Rh1 35. Rf6+ Kg7 36. Rf5 Rxh2+ 37. Kc3 a5 38. e5 Kg6 39. Rf6+ Kg7
40. Rxb6 Rh3+ 41. Kd4 Rh4+ 42. Kd5 Rh2 43. c4 Kf7 44. e6+ Ke7 45. c5 Rxb2 46.
Rxb2 a4 47. c6 Kd8 48. Kd6 Ke8 49. c7 Kf8 50. c8=Q+ Kg7 51. e7 Kf6 52. e8=Q Kg5
53. Qf7 Kh6 54. Qh3+ Kg5 55. Qhf5+ Kh6 56. Rh2# {ColinFelix est échec et mat} 1-0

[Event "Champ FRA - Under 8"]
[Site "Europe Echecs"]
[Date "2020.07.06"]
[Round "1"]
[Time "14:00:04"]
[PlyCount "61"]
[White "CorralNehamaLe"]
[Black "FonsatEthan"]
[WhiteElo "799"]
[BlackElo "1130"]
[Mode "WEB"]
[Result "0-1"]

1. e4 e5 2. Nf3 Bd6 3. Nc3 Nf6 4. Bc4 O-O 5. O-O Nc6 6. d3 h6 7. Be3 Qe7 8. a3
Bc5 9. Bxc5 Qxc5 10. b4 Qe7 11. Nd5 Nxd5 12. exd5 Nd4 13. Nxd4 exd4 14. Re1 Qd6
15. Qg4 Qf6 16. Re4 d6 17. Qg3 c5 18. bxc5 dxc5 19. Rae1 Bf5 20. Rf4 g6 21. Rc1
Rae8 22. h3 g5 23. h4 Kh7 24. hxg5 hxg5 25. Qh2+ Kg7 26. Rf3 Rh8 27. Qc7 g4 28.
Rg3 Qg5 29. Rf1 Qh6 30. Qxc5 Qh2# {CorralNehamaLe est échec et mat} 0-1

[Event "Champ FRA - Under 8"]
[Site "Europe Echecs"]
[Date "2020.07.06"]
[Round "1"]
[Time "14:00:04"]
[PlyCount "51"]
[White "VidalAlexandre"]
[Black "DaoAnna"]
[WhiteElo "1130"]
[BlackElo "799"]
[Mode "WEB"]
[Result "0-1"]

1. e4 e5 2. Nf3 Nc6 3. Nc3 Bc5 4. Bc4 Nf6 5. d4 exd4 6. Nxd4 Bxd4 7. Nd5 h6 8.
Qf3 O-O 9. O-O d6 10. Nxf6+ Bxf6 11. Qg3 Be5 12. f4 Bd4+ 13. Kh1 Nb4 14. f5 Nxc2
15. Bxh6 Nxa1 16. Rc1 Re8 17. Rd1 c5 18. Rxa1 Rxe4 19. Bd5 Re3 20. Qg4 Rd3 21.
f6 Qxf6 22. Bc4 Bxg4 23. Bxd3 Bxb2 24. Rf1 Qe5 25. Bf4 Qd5 {VidalAlexandre a abandonné} 0-1

[Event "Champ FRA - Under 8"]
[Site "Europe Echecs"]
[Date "2020.07.06"]
[Round "1"]
[Time "14:00:04"]
[PlyCount "79"]
[White "DemangeSymeon"]
[Black "AlsaiedNizar"]
[WhiteElo "799"]
[BlackElo "1120"]
[Mode "WEB"]
[Result "0-1"]

1. e4 e5 2. Nf3 Nc6 3. d4 exd4 4. Nxd4 Nxd4 5. Qxd4 b6 6. Nc3 Bc5 7. Qxg7 Bd4 8.
Qxh8 Bxh8 9. Bc4 Bb7 10. Bf4 Nf6 11. O-O-O Qe7 12. Rhe1 O-O-O 13. e5 Nh5 14. g3
Nxf4 15. gxf4 Qc5 16. b3 Qxf2 17. Rd2 Qxe1+ 18. Nd1 Qh1 19. Bxf7 Qe4 20. Nc3
Qh1+ 21. Kb2 Qf3 22. Rd3 Qxf4 23. Nd5 Qxf7 24. Ne3 Be4 25. Rd4 Bg6 26. Ng4 Qf5
27. Ne3 Qxe5 28. c3 Qxe3 29. Rh4 Qxc3+ 30. Ka3 Qb2+ 31. Kb4 Bc3+ 32. Kc4 Bf7+
33. Kd3 Qd2+ 34. Ke4 Qd4+ 35. Kf3 Qxh4 36. Ke3 Re8+ 37. Kd3 Qd4+ 38. Kc2 Re2+
39. Kb1 Qd1# {DemangeSymeon est échec et mat} 0-1

[Event "Champ FRA - Under 8"]
[Site "Europe Echecs"]
[Date "2020.07.06"]
[Round "1"]
[Time "14:00:04"]
[PlyCount "80"]
[White "BalesterDimitr"]
[Black "DorgereLouka"]
[WhiteElo "1120"]
[BlackElo "799"]
[Mode "WEB"]
[Result "1-0"]

1. e4 e5 2. Nc3 Nf6 3. Nf3 Nc6 4. Bb5 Bb4 5. Bxc6 dxc6 6. Ne2 Bg4 7. Nxe5 Qd7 8.
Nxg4 Nxg4 9. O-O O-O 10. a3 Qe6 11. axb4 Qg6 12. Ng3 h6 13. h3 Ne5 14. Ra5 Qf6
15. d4 Nc4 16. Ra2 b5 17. b3 Nd6 18. Nh5 Qh4 19. f3 Qg5 20. Bxg5 hxg5 21. Qd2 g6
22. Qxg5 Rfe8 23. Ng3 Nb7 24. Qc1 Re7 25. Qa1 Rae8 26. Rxa7 Nd6 27. Ra8 Rxa8 28.
Qxa8+ Kg7 29. Qxc6 Re6 30. Qxc7 Ne8 31. Qc3 Nd6 32. d5+ Re5 33. Qxe5+ Kh6 34.
Qxd6 f6 35. Qxf6 Kh7 36. Qh4+ Kg7 37. Qg4 Kh6 38. Nf5+ Kh7 39. Ne7 Kh6 40. Qxg6# {DorgereLouka est échec et mat} 1-0

[Event "Champ FRA - Under 8"]
[Site "Europe Echecs"]
[Date "2020.07.06"]
[Round "1"]
[Time "14:00:04"]
[PlyCount "44"]
[White "FeretGabriel"]
[Black "GiulianiGiovan"]
[WhiteElo "799"]
[BlackElo "1120"]
[Mode "WEB"]
[Result "1-0"]

1. e4 e5 2. Nf3 Nc6 3. Bc4 Bc5 4. O-O Nf6 5. Nc3 d6 6. d3 Bg4 7. Bg5 Bxf3 8.
Qxf3 Nd4 9. Qd1 h6 10. Bxf6 Qxf6 11. Nd5 Qd8 12. c3 Ne6 13. h3 Qg5 14. Re1 c6
15. Ne3 Nf4 16. g3 Nxh3+ 17. Kh2 Qh5 18. Qxh5 g6 19. Qxh3 Bxe3 20. fxe3 Kf8 21.
Qf1 Kg7 22. Qxf7# {GiulianiGiovan est échec et mat} 1-0

[Event "Champ FRA - Under 8"]
[Site "Europe Echecs"]
[Date "2020.07.06"]
[Round "1"]
[Time "14:00:04"]
[PlyCount "84"]
[White "ChenZhiyueDash"]
[Black "GanbatTushig"]
[WhiteElo "1119"]
[BlackElo "799"]
[Mode "WEB"]
[Result "1-0"]

1. e4 e5 2. Nf3 Nc6 3. Bc4 Nf6 4. Ng5 Qe7 5. Nxf7 Rg8 6. Ng5 d6 7. Bxg8 h6 8.
Nf3 Bg4 9. Bd5 Bxf3 10. Qxf3 O-O-O 11. Bxc6 bxc6 12. Nc3 d5 13. exd5 cxd5 14.
O-O e4 15. Qe2 d4 16. Nb5 Kb8 17. Re1 d3 18. cxd3 exd3 19. Qxe7 Bxe7 20. Rxe7 g5
21. b3 Nd5 22. Re5 a6 23. Na3 Nb4 24. Bb2 Nc6 25. Re3 Ka7 26. Rae1 Rd5 27. Nc4
Nb4 28. Re5 Rd7 29. Re7 Rxe7 30. Rxe7 Kb7 31. Ba3 Nc2 32. Rh7 Kc6 33. Rxh6+ Kb7
34. g3 c6 35. f4 gxf4 36. gxf4 a5 37. Nxa5+ Kb6 38. Nc4+ Kb5 39. f5 Ne1 40. f6
Nf3+ 41. Kf2 Ng5 42. Rh5 {GanbatTushig a abandonné} 1-0

[Event "Champ FRA - Under 8"]
[Site "Europe Echecs"]
[Date "2020.07.06"]
[Round "1"]
[Time "14:00:04"]
[PlyCount "61"]
[White "HouAudric"]
[Black "DebbicheAmir"]
[WhiteElo "799"]
[BlackElo "1110"]
[Mode "WEB"]
[Result "0-1"]

1. e4 e5 2. Qg4 d6 3. d3 Bxg4 4. Be2 Bxe2 5. Kxe2 Nf6 6. h4 g6 7. Nf3 Bg7 8. Rh3
O-O 9. Bg5 h6 10. Be3 Nbd7 11. Nc3 Ng4 12. Rd1 Nxe3 13. Re1 Nxg2 14. Rg1 Nf4+
15. Ke3 Nxh3 16. Rg3 Nf4 17. Rg4 Ne6 18. Nd5 c6 19. Nb4 a5 20. Nd5 cxd5 21. exd5
e4 22. dxe6 exf3 23. Kxf3 Ne5+ 24. Kf4 Nxg4 25. Kxg4 h5+ 26. Kf4 Qxh4+ 27. Ke3
Bh6+ 28. Ke2 Rfe8 29. Kf1 Rxe6 30. c4 Qh1# {HouAudric est échec et mat} 0-1

[Event "Champ FRA - Under 8"]
[Site "Europe Echecs"]
[Date "2020.07.06"]
[Round "1"]
[Time "14:00:04"]
[PlyCount "30"]
[White "KennelArsene"]
[Black "KhantalinIrakl"]
[WhiteElo "1110"]
[BlackElo "799"]
[Mode "WEB"]
[Result "1-0"]

1. e4 e5 2. Nf3 Nc6 3. d4 exd4 4. Nxd4 Nxd4 5. Qxd4 c5 6. Qd3 Nf6 7. Bg5 Qa5+ 8.
Nc3 Be7 9. e5 Ng4 10. Bxe7 Kxe7 11. Qe4 Nh6 12. Bc4 Qb4 13. Rb1 f5 14. Qh4+ Kf8
15. Qd8# {KhantalinIrakl est échec et mat} 1-0

[Event "Champ FRA - Under 8"]
[Site "Europe Echecs"]
[Date "2020.07.06"]
[Round "1"]
[Time "14:00:04"]
[PlyCount "30"]
[White "LazignacAslany"]
[Black "MindeHeloise"]
[WhiteElo "799"]
[BlackElo "1110"]
[Mode "WEB"]
[Result "1-0"]

1. e4 e5 2. Nf3 Nc6 3. Nc3 Nf6 4. d4 d5 5. dxe5 dxe4 6. exf6 exf3 7. Qxf3 Nd4 8.
Qe3+ Ne6 9. fxg7 Bxg7 10. Bc4 Bxc3+ 11. bxc3 Bd7 12. f4 Qf6 13. O-O O-O-O 14.
Qxa7 Nxf4 15. Qa8# {MindeHeloise est échec et mat} 1-0

[Event "Champ FRA - Under 8"]
[Site "Europe Echecs"]
[Date "2020.07.06"]
[Round "1"]
[Time "14:00:04"]
[PlyCount "105"]
[White "RodriguezAntoi"]
[Black "LefolMarius"]
[WhiteElo "1110"]
[BlackElo "799"]
[Mode "WEB"]
[Result "0-1"]

1. e4 e6 2. d4 d5 3. e5 c5 4. c3 Nc6 5. Nf3 Qb6 6. a3 Nge7 7. Be2 Ng6 8. O-O Be7
9. Be3 O-O 10. Nbd2 Bd7 11. Nb3 c4 12. Nbd2 Rac8 13. b3 Nd8 14. bxc4 dxc4 15.
Nxc4 Qc7 16. Rb1 b5 17. Ncd2 Bxa3 18. Bxb5 Bxb5 19. Rxb5 Qc6 20. Rb3 Be7 21. Bg5
Bxg5 22. Nxg5 h6 23. Ngf3 Qd5 24. Qb1 Qa5 25. Rc1 Nf4 26. Kf1 Nd5 27. Rb5 Qc7
28. Ne4 Nxc3 29. Nd6 Nxb1 30. Rxc7 Rxc7 31. Rxb1 f6 32. exf6 Rxf6 33. Ke2 Rd7
34. Nc4 Nc6 35. Nce5 Nxe5 36. Nxe5 Rxd4 37. Rb8+ Kh7 38. Rb7 Re4+ 39. Kd3 Rxe5
40. Kd4 Ref5 41. Rb2 Rxf2 42. Rxf2 Rxf2 43. Ke5 Rxg2 44. Kxe6 a5 45. Kd5 a4 46.
Kc4 a3 47. Kb3 a2 48. Kc3 a1=Q+ 49. Kc4 Rc2+ 50. Kd5 Qd1+ 51. Ke6 Re2+ 52. Kf7
Qf1# {RodriguezAntoi est échec et mat} 0-1

[Event "Champ FRA - Under 8"]
[Site "Europe Echecs"]
[Date "2020.07.06"]
[Round "1"]
[Time "14:00:04"]
[PlyCount "71"]
[White "LeoniMathis"]
[Black "GurevichMichel"]
[WhiteElo "799"]
[BlackElo "1107"]
[Mode "WEB"]
[Result "0-1"]

1. e4 e5 2. Nf3 Nf6 3. Nxe5 d6 4. Nf3 Nxe4 5. d3 Nf6 6. Bf4 d5 7. Nc3 Nc6 8. Be2
Bc5 9. O-O O-O 10. Qd2 Bd6 11. Bg3 Nh5 12. Bxd6 Qxd6 13. Rae1 Qg6 14. Nh4 Qf6
15. Bxh5 Qxh4 16. Bf3 f5 17. Bxd5+ Kh8 18. Nb5 Bd7 19. Nxc7 Rac8 20. Nb5 Rf6 21.
Re3 f4 22. Re2 Rg6 23. Bf7 Rg5 24. f3 Rf8 25. Bd5 Rxd5 26. Nc7 Rh5 27. h3 Bxh3
28. Rfe1 Bxg2 29. Re8 Qh1+ 30. Kf2 Rg8 31. Rxg8+ Kxg8 32. Re8+ Kf7 33. Qe2 Qh4+
34. Kxg2 Qg3+ 35. Kf1 Rh1# {LeoniMathis est échec et mat} 0-1

[Event "Champ FRA - Under 8"]
[Site "Europe Echecs"]
[Date "2020.07.06"]
[Round "1"]
[Time "14:00:04"]
[PlyCount "113"]
[White "LeBlevecYelise"]
[Black "LlariMarc"]
[WhiteElo "1107"]
[BlackElo "799"]
[Mode "WEB"]
[Result "0-1"]

1. e4 e6 2. d4 d5 3. e5 c5 4. c3 Nc6 5. Nf3 Qb6 6. Bd3 Nge7 7. O-O Nf5 8. a3
cxd4 9. cxd4 Bd7 10. Qc2 Nfxd4 11. Nxd4 Nxd4 12. Qd1 Nc6 13. Be3 Qd8 14. Be2
Nxe5 15. Nc3 Ng6 16. Qd2 Be7 17. Rfd1 O-O 18. b4 a6 19. Bd3 Bc6 20. b5 axb5 21.
Bxb5 Bxb5 22. Nxb5 Qa5 23. Qxa5 Rxa5 24. a4 Rfa8 25. Nc7 Rc8 26. Nb5 Raa8 27.
Rdb1 Bf6 28. Ra2 Rc4 29. a5 h6 30. Nd6 Rc6 31. Nxb7 Rac8 32. g3 Bg5 33. Bxg5
hxg5 34. a6 Ra8 35. a7 Rc7 36. Kg2 Ne7 37. h3 Nc6 38. Kh2 Rxa7 39. Rab2 Ne7 40.
Nd6 Ra6 41. Rb8+ Kh7 42. Nxf7 Rc2 43. Kg2 Raa2 44. Rf1 Nf5 45. Nxg5+ Kg6 46.
Nxe6 Ne3+ 47. Kg1 Nxf1 48. Kxf1 Rxf2+ 49. Ke1 Rh2 50. Nf4+ Kf5 51. Rf8+ Ke4 52.
Re8+ Kf3 53. Re3+ Kxe3 54. Ng2+ Rhxg2 55. Kf1 Raf2+ 56. Ke1 Rg1# {LeBlevecYelise est échec et mat} 0-1

[Event "Champ FRA - Under 8"]
[Site "Europe Echecs"]
[Date "2020.07.06"]
[Round "1"]
[Time "14:00:04"]
[PlyCount "63"]
[White "MauricDalmauCa"]
[Black "DoucetJeanGabr"]
[WhiteElo "799"]
[BlackElo "1100"]
[Mode "WEB"]
[Result "0-1"]

1. e4 e5 2. Nc3 Bc5 3. Nf3 Nc6 4. Bc4 Na5 5. O-O Nxc4 6. Nxe5 Nxe5 7. d4 Bd6 8.
dxe5 Bxe5 9. g3 Qf6 10. Be3 d6 11. Re1 Bh3 12. Nb5 c6 13. Nc7+ Kd8 14. Nxa8 Kc8
15. Nb6+ axb6 16. a4 b5 17. f4 Bxb2 18. Ra2 Bc3 19. Ra3 Bb4 20. Rb3 Bxe1 21.
Qxe1 Qg6 22. f5 Qg4 23. Rd3 Nf6 24. Rxd6 Nd5 25. exd5 cxd5 26. Rxd5 Qxa4 27.
Rc5+ Kb8 28. Bf4+ Ka7 29. Rc7 Qd4+ 30. Kh1 Qd5+ 31. Kg1 Qg2# {MauricDalmauCa est échec et mat} 0-1

[Event "Champ FRA - Under 8"]
[Site "Europe Echecs"]
[Date "2020.07.06"]
[Round "1"]
[Time "14:00:04"]
[PlyCount "36"]
[White "SaintjoresMeli"]
[Black "MolinesThibaut"]
[WhiteElo "1100"]
[BlackElo "799"]
[Mode "WEB"]
[Result "1-0"]

1. e4 e5 2. Nf3 Nc6 3. d4 exd4 4. Bc4 Bb4+ 5. c3 Be7 6. cxd4 d6 7. O-O Bg4 8.
Qa4 Qd7 9. Nc3 Kd8 10. Be3 Bxf3 11. Bf4 Be2 12. Bxe2 Kc8 13. Be3 Kb8 14. d5 Nf6
15. dxc6 Qc8 16. h3 bxc6 17. Ba6 Qd8 18. Qb4# {MolinesThibaut est échec et mat} 1-0

[Event "Champ FRA - Under 8"]
[Site "Europe Echecs"]
[Date "2020.07.06"]
[Round "1"]
[Time "14:00:04"]
[PlyCount "47"]
[White "MougenotSacha"]
[Black "BriquetTom"]
[WhiteElo "799"]
[BlackElo "1099"]
[Mode "WEB"]
[Result "0-1"]

1. e4 e5 2. Nf3 Nc6 3. Nc3 Bc5 4. Bc4 Nf6 5. d3 O-O 6. Bg5 h6 7. Bh4 d6 8. O-O
Bg4 9. h3 Bh5 10. Qd2 Bxf3 11. gxf3 Nd4 12. Qe3 Nxc2 13. Qc1 Nxa1 14. Qxa1 c6
15. Qd1 b5 16. Bb3 a5 17. Re1 a4 18. Bxf6 Qxf6 19. Qd2 axb3 20. axb3 Qg5+ 21.
Kh1 Qxd2 22. Rg1 Qxf2 23. Nd1 Qxg1# {MougenotSacha est échec et mat} 0-1

[Event "Champ FRA - Under 8"]
[Site "Europe Echecs"]
[Date "2020.07.06"]
[Round "1"]
[Time "14:00:04"]
[PlyCount "86"]
[White "RogerAolis"]
[Black "NicolettiLouis"]
[WhiteElo "1098"]
[BlackElo "799"]
[Mode "WEB"]
[Result "1-0"]

1. e4 e5 2. Nc3 Nf6 3. f4 exf4 4. e5 Ng8 5. Nf3 d6 6. d4 dxe5 7. Nxe5 f6 8. Nc4
Qe7+ 9. Be2 Bg4 10. Bxf4 Bxe2 11. Qxe2 Qxe2+ 12. Nxe2 Bd6 13. Bxd6 cxd6 14.
Nxd6+ Kd7 15. Nxb7 Nc6 16. Nc5+ Kc7 17. c3 Rb8 18. b3 Nge7 19. O-O Nf5 20. Rxf5
Rhe8 21. Re1 Re7 22. Rf2 Rbe8 23. Kf1 a5 24. d5 Ne5 25. Ne6+ Kd6 26. c4 Nd3 27.
Nc3 Nxf2 28. Kxf2 g5 29. Nb5+ Kd7 30. Re3 f5 31. Rh3 g4 32. Rh5 f4 33. Rh4 g3+
34. hxg3 fxg3+ 35. Kxg3 Rg8+ 36. Kf4 Rxg2 37. Ke5 Rxa2 38. Rf4 a4 39. c5 axb3
40. c6+ Kc8 41. Rb4 Re2+ 42. Kd6 Re8 43. Na7# {NicolettiLouis est échec et mat} 1-0

[Event "Champ FRA - Under 8"]
[Site "Europe Echecs"]
[Date "2020.07.06"]
[Round "1"]
[Time "14:00:04"]
[PlyCount "55"]
[White "PonzeveraAlexa"]
[Black "AkyuzEnes"]
[WhiteElo "799"]
[BlackElo "1092"]
[Mode "WEB"]
[Result "0-1"]

1. e4 e5 2. Nf3 Nc6 3. Bc4 Bc5 4. b4 Bxb4 5. c3 Bc5 6. d4 exd4 7. O-O dxc3 8.
Ng5 d5 9. exd5 Nd4 10. Nxc3 Nf6 11. d6 O-O 12. dxc7 Qxc7 13. Be3 Ne6 14. Nxe6
Bxe6 15. Bxe6 fxe6 16. Bxc5 Qxc5 17. Qd3 Rfd8 18. Qc2 Nd5 19. Rac1 Rac8 20. Nxd5
Qxc2 21. Rxc2 Rxc2 22. Ne7+ Kf7 23. h3 Kxe7 24. Re1 Rxa2 25. f4 Rdd2 26. g4 Rg2+
27. Kf1 Raf2# {PonzeveraAlexa est échec et mat} 0-1

[Event "Champ FRA - Under 8"]
[Site "Europe Echecs"]
[Date "2020.07.06"]
[Round "1"]
[Time "14:00:04"]
[PlyCount "70"]
[White "RosuMatei"]
[Black "ReissOscar"]
[WhiteElo "1091"]
[BlackElo "799"]
[Mode "WEB"]
[Result "1-0"]

1. e4 c5 2. Nc3 d6 3. Nf3 a6 4. Bc4 Nf6 5. Ng5 Nc6 6. Nxf7 Bg4 7. f3 Qc7 8. Nxh8
Bh5 9. g4 Bg6 10. f4 h6 11. f5 Bh7 12. Bf7+ Kd8 13. Be6 Bg8 14. Bxg8 Nxg8 15.
Nf7+ Ke8 16. Nd5 Qd7 17. Nxh6 gxh6 18. Nb6 Qc8 19. Nxc8 Rxc8 20. d3 Nb4 21. c3
Nc6 22. g5 hxg5 23. Qh5+ Kd8 24. Qxg5 Nf6 25. Be3 Kd7 26. d4 b6 27. e5 dxe5 28.
dxe5 Ne4 29. e6+ Kd6 30. Qf4+ Kd5 31. c4+ Kxc4 32. Qxe4+ Kb5 33. Qd3+ Ka5 34.
Bd2+ Ka4 35. Qb3# {ReissOscar est échec et mat} 1-0